Three cheers, secret seven / (Record no. 13172)

MARC details
000 -LEADER
fixed length control field 03591nam a22005057a 4500
001 - CONTROL NUMBER
control field B-266252-271
003 - CONTROL NUMBER IDENTIFIER
control field dpl
005 - DATE AND TIME OF LATEST TRANSACTION
control field 20080716142442.0
008 - FIXED-LENGTH DATA ELEMENTS--GENERAL INFORMATION
fixed length control field 080530t xxu||||| |||| 00| 0 eng d
010 ## - LIBRARY OF CONGRESS CONTROL NUMBER
LC control number B-266252-271
020 ## - INTERNATIONAL STANDARD BOOK NUMBER
International Standard Book Number 0340893141
Terms of availability 60.00
035 ## - SYSTEM CONTROL NUMBER
System control number B-266252-271
040 ## - CATALOGING SOURCE
Original cataloging agency DPL
Language of cataloging EN
082 ## - DEWEY DECIMAL CLASSIFICATION NUMBER
Classification number S
100 ## - MAIN ENTRY--PERSONAL NAME
Personal name Blyton, Enid
245 ## - TITLE STATEMENT
Title Three cheers, secret seven /
Statement of responsibility, etc by Enid Blyton
260 ## - PUBLICATION, DISTRIBUTION, ETC. (IMPRINT)
Place of publication, distribution, etc London
Name of publisher, distributor, etc Hodder Headline
Date of publication, distribution, etc 2004
270 ## - ADDRESS
City New York
300 ## - PHYSICAL DESCRIPTION
Extent 122p.
Dimensions 18 cm (Hb)
490 ## - SERIES STATEMENT
Series statement The secret seven 8
942 ## - ADDED ENTRY ELEMENTS (KOHA)
Source of classification or shelving scheme Dewey Decimal Classification
Koha item type Children Books
Classification part S
Call number suffix BLY
Holdings
Withdrawn status Lost status Damaged status Not for loan Collection code Home library Current library Date acquired Cost, normal purchase price Total Checkouts Full call number Barcode Date last seen Copy number Cost, replacement price Price effective from Koha item type Total Renewals Date checked out Source of acquisition
        Fiction Andrews Gunj Andrews Gunj 16/07/2008 60.00   S / BLY B-266261 15/09/2008 1 60.00 15/09/2008 Children Books      
        Fiction Central Library Central Library 16/07/2008 60.00 5 S / BLY B-266257 20/01/2025 1 60.00 15/09/2008 Children Books 1 06/01/2025  
        Fiction Jagrati Enclave Jagrati Enclave 16/07/2008 60.00   S / BLY B-266269 15/09/2008 1 60.00 15/09/2008 Children Books      
        Fiction Jor Bagh (Children Lib) Jor Bagh (Children Lib) 16/07/2008 60.00   S / BLY B-266263 15/09/2008 1 60.00 15/09/2008 Children Books      
        Fiction Karol Bagh Karol Bagh 16/07/2008 60.00   S / BLY B-266265 15/09/2008 1 60.00 15/09/2008 Children Books      
        Fiction Mobile Library Mobile Library 02/06/2008 60.00   S / BLY B-266252 15/09/2008 4 60.00 15/09/2008 Children Books      
        Fiction Mobile Library Mobile Library 16/07/2008 60.00   S / BLY B-266253 15/09/2008 4 60.00 15/09/2008 Children Books      
        Fiction Mobile Library Mobile Library 16/07/2008 60.00   S / BLY B-266254 15/09/2008 4 60.00 15/09/2008 Children Books      
        Fiction Mobile Library Mobile Library 16/07/2008 60.00   S / BLY B-266255 15/09/2008 4 60.00 15/09/2008 Children Books      
        Fiction Netaji Nagar Netaji Nagar 16/07/2008 60.00   S / BLY B-266264 15/09/2008 1 60.00 15/09/2008 Children Books      
        Fiction New Police Line New Police Line 16/07/2008 60.00   S / BLY B-266256 15/09/2008 1 60.00 15/09/2008 Children Books      
        Fiction Patel Nagar Patel Nagar 16/07/2008 60.00   S / BLY B-266258 15/09/2008 1 60.00 15/09/2008 Children Books      
        Fiction R.C.Libraries (zls) R.C.Libraries (zls) 16/07/2008 60.00   S / BLY B-266270 15/09/2008 2 60.00 15/09/2008 Children Books      
        Fiction R.C.Libraries (zls) R.C.Libraries (zls) 16/07/2008 60.00   S / BLY B-266271 15/09/2008 2 60.00 15/09/2008 Children Books      
        Fiction R.K.Puram-8 R.K.Puram-8 16/07/2008 60.00   S / BLY B-266260 15/09/2008 1 60.00 15/09/2008 Children Books      
        Fiction Sarojini Nagar Sarojini Nagar 16/07/2008 60.00   S / BLY B-266259 15/09/2008 1 60.00 15/09/2008 Children Books      
        Fiction Shahdara Branch Shahdara Branch 16/07/2008 60.00   S / BLY B-266266 15/09/2008 1 60.00 15/09/2008 Children Books      
        Fiction Sriniwas Puri Sriniwas Puri 16/07/2008 60.00   S / BLY B-266262 15/09/2008 1 60.00 15/09/2008 Children Books      
        Fiction Vigyan Vihar Vigyan Vihar 16/07/2008 60.00   S / BLY B-266268 15/09/2008 1 60.00 15/09/2008 Children Books      
        Fiction Vinoba Puri Vinoba Puri 05/09/2008 60.00 9 S BLY B-284757 30/04/2024 1 60.00 15/09/2008 Children Books 1 06/04/2024 Blueberry/4571/19.8.08/192/21.7.08/19.8.08
        Fiction Yojana Vihar Yojana Vihar 16/07/2008 60.00   S / BLY B-266267 15/09/2008 1 60.00 15/09/2008 Children Books      

© Delhi Public Library
Hit Counter
free hit counter